[Event "Coupe Niveau 3"]
[Site "www.echecsemail.com"]
[Date "2026.01.21"]
[Round "1"]
[White "Luc20"]
[Black "Domenico"]
[WhiteElo "1820"]
[BlackElo "1750"]
[Result "1-0"]
1.d4 d5
2.Ng1f3 Bc8f5
3.Bc1f4 Nb8c6
4.e3 e6
5.c3 Bf8e7
6.Bf1b5 Be7d6
7.Nf3e5 Bd6xe5
8.Bf4xe5 Ng8f6
9.Nb1d2 O-O
10.Be5g3 Nc6e7
11.O-O c6
12.Bb5a4 b5
13.Ba4c2 Bf5xc2
14.Qd1xc2 Ne7g6
15.Nd2f3 Nf6e4
16.Ra1c1 Qd8f6
17.Nf3d2 Qf6f5
18.Nd2xe4 dxe4
19.Bg3d6 Rf8d8
20.Bd6c5 Ng6h4
21.Bc5e7 Qf5g4
22.Be7xh4 Qg4xh4
23.Qc2e2 Rd8d5
24.f4 exf3
25.Rf1xf3 Rd5g5
26.Rc1f1 a5
27.Rf3xf7 a4
28.Qe2f3 Rg5f5
29.Rf7xf5 exf5
30.Qf3xf5 Qh4d8
31.Qf5e6 Kh8
32.Qe6xc6 Ra8b8
33.e4 Qd8g5
34.Qc6d6 Rb8g8
35.e5 h5
36.Qd6b4 Qg5e3
37.Kh1 Qe3e2
38.Rf1g1 h4
39.h3 g5
40.Qb4e7 Qe2xb2
41.Qe7f6 Rg8g7
42.Rg1f1 Kh7
43.Qf6f8 Qb2xc3
44.Rf1f3 Qc3xd4
45.Rf3f7 Qd4a1
46.Kh2 Qa1xe5
47.Kh1 Rg7xf7
48.Qf8xf7 Kh6
49.Qf7f8 Kg6
50.Qf8g8 Kf5
51.Qg8f8 Ke4
52.Qf8f3 Kd4
53.Qf3g4 Kd3
54.Qg4d7 Kc4
55.Qd7g4 Kc3
56.Qg4f3 Kc2
57.Qf3f2 Kb1
58.a3 Qe5c5
59.Qf2xc5 { abandon }1-0

[Event "ANGOULEME"]
[Site "www.echecsemail.com"]
[Date "2026.01.21"]
[Round "1"]
[White "Petitlulu64"]
[Black "4x4"]
[WhiteElo "1690"]
[BlackElo "1450"]
[Result "1-0"]
1.e4 e5
2.Ng1f3 Ng8f6
3.Nf3xe5 d6
4.Ne5f3 Nf6xe4
5.d3 Ne4c5
6.Bc1e3 Bc8g4
7.Bf1e2 Nb8c6
8.Nb1c3 Bf8e7
9.O-O Qd8d7
10.a3 O-O-O
11.b4 Nc5e6
12.b5 Nc6b8
13.d4 h5
14.d5 Ne6c5
15.a4 b6
16.Nf3d4 Be7f6
17.f3 Bg4f5
18.Nd4c6 Nb8xc6
19.dxc6 Qd7e7
20.Be3d2 g5
21.Ra1a3 Bf6g7
22.Nc3a2 Rd8e8
23.a5 Qe7xe2
24.Bd2xg5 Qe2xd1
25.Rf1xd1 f6
26.Bg5h4 Bf5xc2
27.Rd1c1 Bc2g6
28.axb6 f5
29.bxa7 Bg7d4
30.Kf1 Nc5d3
31.a8Q 1-0

[Event "Coupe Niveau 3"]
[Site "www.echecsemail.com"]
[Date "2026.01.21"]
[Round "1"]
[White "Elghribi"]
[Black "Patau"]
[WhiteElo "1940"]
[BlackElo "1700"]
[Result "1-0"]
1.e4 e5
2.Ng1f3 c6
3.Bf1c4 d5
4.exd5 cxd5
5.Bc4b5 Bc8d7
6.Qd1e2 Bf8d6
7.Nf3xe5 Ng8e7
8.Ne5xd7 Nb8xd7
9.O-O O-O
10.d4 Rf8e8
11.Qe2g4 Nd7f6
12.Qg4e2 Ne7c6
13.Qe2d1 a6
14.Bb5a4 b5
15.Ba4b3 Qd8e7
16.c3 Qe7e2
17.Qd1xe2 Re8xe2
18.Bb3d1 Re2e6
19.Bc1e3 Ra8e8
20.Nb1d2 Nf6e4
21.Bd1c2 Ne4xd2
22.Be3xd2 Re6e2
23.Ra1d1 Bd6f4
24.Bc2xh7 Kxh7
25.Bd2xf4 Re2xb2
26.Rd1d2 Rb2xd2
27.Bf4xd2 Re8e2
28.Rf1d1 Nc6a5
29.Kf1 Re2e4
30.f3 Re4e6
31.Kf2 Na5c4
32.Bd2c1 f5
33.Rd1e1 Re6xe1
34.Kxe1 Kg6
35.Kf2 Kf6
36.Kg3 g5
37.f4 g4
38.h3 gxh3
39.Kxh3 Nc4d6
40.Bc1d2 Nd6e4
41.Bd2e1 a5
42.g4 fxg4
43.Kxg4 a4
44.f5 Ne4d6
45.Be1h4 Kf7
46.Bh4e1 Kf6
47.Be1h4 Kf7
48.Kf4 Nd6e4
49.Bh4e1 Kf6
50.Kg4 Ne4d6
51.Be1h4 Kf7
52.Kf4 Nd6e4
53.Ke5 Ne4xc3
54.Bh4e1 Nc3xa2
55.Kxd5 b4
56.Ke4 b3
57.Kd3 b2
58.Kc2 a3
59.d5 Ke7
60.Kb1 Na2c1
61.Be1b4 Kd7
62.f6 Nc1d3
63.f7 Nd3xb4
64.f8Q a2
65.Kxb2 a1Q
66.Kxa1 Nb4xd5
67.Kb2 Ke6
68.Kb3 Ke5
69.Kc4 Nd5b6
70.Kb5 Nb6d5
71.Kc5 Nd5f6
72.Qf8e7 Kf5
73.Kd4 Kg6
74.Ke5 Nf6g4
75.Ke6 Kh5
76.Kf5 Ng4h6
77.Kf4 { abandon }1-0

[Event "Eq:Vikings-La Diagonale du Fou :"]
[Site "www.echecsemail.com"]
[Date "2026.01.21"]
[Round "1"]
[White "Tahar"]
[Black "Tombelaine"]
[WhiteElo "1970"]
[BlackElo "2250"]
[Result "0-1"]
1.e4 c6
2.d4 d5
3.exd5 cxd5
4.Ng1f3 Ng8f6
5.Bf1e2 h6
6.Nb1c3 Bc8f5
7.Bc1f4 Nb8c6
8.a3 e6
9.Be2b5 Bf8e7
10.O-O O-O
11.h3 Ra8c8
12.Qd1c1 Qd8b6
13.Bb5xc6 bxc6
14.Bf4e3 Be7d6
15.Nf3e5 c5
16.dxc5 Bd6xc5
17.Nc3a4 Bc5xe3
18.fxe3 Qb6d6
19.Ne5f3 Rc8xc2
20.Qc1d1 Qd6g3
21.Nf3e1 Qg3xe3
22.Kh1 Rc2c4
23.Rf1f3 Qe3g5
24.Na4c3 Rf8c8
25.Rf3f1 d4
26.Nc3e2 Nf6e4
27.Ne1f3 Qg5e3
28.Kh2 d3
29.Ne2g3 Ne4xg3
30.Kxg3 Qe3f4
31.Kf2 Rc4c2
32.Kg1 Bf5xh3
33.Rf1f2 Rc2xf2
34.Kxf2 Rc8c2
35.Kg1 Rc2xg2
36.Kh1 Rg2f2
{ abandon }0-1

[Event "Tournoi n27400"]
[Site "www.echecsemail.com"]
[Date "2026.01.21"]
[Round "1"]
[White "Emmanuel"]
[Black "U27940"]
[WhiteElo "1960"]
[BlackElo "2080"]
[Result "0-1"]
1.b3 d5
2.Bc1b2 Nb8c6
3.e3 e5
4.Bf1b5 Bc8d7
5.d3 Qd8g5
6.g3 a6
7.Bb5xc6 Bd7xc6
8.Nb1d2 Ng8f6
9.Ng1f3 Qg5f5
10.Nf3xe5 Qf5h3
11.Qd1f3 Qh3e6
12.Ne5xc6 Qe6xc6
13.O-O-O Bf8e7
14.h4 a5
15.Bb2xf6 Be7xf6
16.c4 Qc6c5
17.Qf3xd5 Qc5a3
{ abandon }0-1

[Event "Défi( 10J+24H/c 10J Max )"]
[Site "www.echecsemail.com"]
[Date "2026.01.21"]
[Round "1"]
[White "Tunnellavage"]
[Black "Snarf"]
[WhiteElo "1760"]
[BlackElo "1720"]
[Result "0-1"]
1.e4 e5
2.Ng1f3 Nb8c6
3.Bf1c4 h6
4.Nb1c3 Bf8b4
5.O-O a6
6.d3 d6
7.h3 Ng8f6
8.Bc1d2 Bc8e6
9.a3 Bb4a5
10.b4 Ba5b6
11.Qd1e1 Be6xc4
12.dxc4 Bb6d4
13.Ra1b1 Bd4a7
14.Nc3d5 O-O
15.c3 Nc6e7
16.Nd5xf6 gxf6
17.Bd2xh6 Rf8e8
18.Nf3h4 Ne7g6
19.Nh4f5 Kh7
20.Kh2 Re8g8
21.f3 Qd8d7
22.g3 Ng6e7
23.g4 Ne7xf5
24.gxf5 Kxh6
25.Qe1h4 Kg7
26.c5 Kf8
27.Qh4xf6 dxc5
28.bxc5 Qd7d2
{ abandon }0-1

[Event "Défi"]
[Site "www.echecsemail.com"]
[Date "2026.01.21"]
[Round "1"]
[White "Patau"]
[Black "Vvvv"]
[WhiteElo "1730"]
[BlackElo "1710"]
[Result "0-1"]
1.e4 c5
2.Ng1f3 e6
3.d4 cxd4
4.Nf3xd4 Ng8f6
5.Bc1g5 Bf8e7
6.e5 Nf6d5
7.Bg5xe7 Qd8xe7
8.Nb1c3 Qe7b4
9.Qd1d2 Qb4xb2
10.Nc3xd5 Qb2xa1
11.Ke2 exd5
12.g3 Nb8c6
13.Nd4xc6 bxc6
14.Qd2e3 O-O
15.Bf1g2 Qa1xa2
16.Qe3d3 Bc8a6
{ abandon }0-1

[Event "Tournoi n27388"]
[Site "www.echecsemail.com"]
[Date "2026.01.21"]
[Round "1"]
[White "Orosco"]
[Black "Zax"]
[WhiteElo "2200"]
[BlackElo "2280"]
[Result "1-0"]
1.e4 d5
2.exd5 Qd8xd5
3.Nb1c3 Qd5d6
4.Ng1f3 Ng8f6
5.d4 Bc8g4
6.h3 Bg4h5
7.Bf1e2 a6
8.Nf3e5 Bh5xe2
9.Nc3xe2 Nb8c6
10.Bc1f4 Nc6xe5
11.dxe5 Qd6xd1
12.Ra1xd1 Nf6h5
13.Bf4e3 g6
14.g4 Nh5g7
15.f4 Ra8d8
16.Kf2 e6
17.Ne2c3 Bf8e7
18.Nc3e4 O-O
19.Kf3 Rd8xd1
20.Rh1xd1 Rf8d8
21.Rd1xd8 Be7xd8
22.Ne4c5 { abandon }1-0

[Event "Tournoi n27401"]
[Site "www.echecsemail.com"]
[Date "2026.01.21"]
[Round "1"]
[White "Geantvert"]
[Black "Odemevol"]
[WhiteElo "1850"]
[BlackElo "1950"]
[Result "0-1"]
1.c4 b5
2.cxb5 d5
3.d4 e6
4.Bc1d2 Bf8d6
5.g3 a6
6.e3 axb5
7.Bf1xb5 c6
8.Bb5d3 c5
9.dxc5 Bd6xc5
10.Ng1e2 Ng8f6
11.O-O O-O
12.b3 Nb8c6
13.Qd1c2 Nc6b4
14.Bd2xb4 Bc5xb4
15.Nb1d2 Qd8a5
16.Nd2f3 Bc8b7
17.Nf3d4 Ra8c8
18.Qc2d1 Nf6e4
19.Nd4c2 Ne4d2
20.Nc2xb4 Nd2xf1
21.Nb4c2 Nf1d2
22.b4 Nd2f3
23.Kg2 Qa5d8
24.Kxf3 d4
25.e4 f5
26.Nc2xd4 fxe4
27.Ke3 exd3
28.Qd1xd3 e5
29.Nd4e6 Rf8f3
{ abandon }0-1

[Event "Tournoi n27312"]
[Site "www.echecsemail.com"]
[Date "2026.01.21"]
[Round "1"]
[White "Petitlulu64"]
[Black "Legrillon"]
[WhiteElo "1760"]
[BlackElo "1690"]
[Result "0-1"]
1.d4 d5
2.Nb1c3 Ng8f6
3.Ng1f3 h6
4.a3 Bc8g4
5.Nf3e5 e6
6.Qd1d2 Bg4f5
7.e3 Bf8d6
8.Bf1e2 Bd6xe5
9.dxe5 Nf6e4
10.Nc3xe4 dxe4
11.Qd2xd8 Kxd8
12.O-O c6
13.Bc1d2 Nb8d7
14.Bd2c3 Ke7
15.Ra1d1 Rh8d8
16.Rd1d2 b6
17.Rf1d1 a6
18.f4 a5
19.g4 Bf5h7
20.h4 Ra8a7
21.b4 axb4
22.axb4 Ra7a3
23.Bc3d4 Ra3a8
24.g5 hxg5
25.fxg5 g6
26.h5 gxh5
27.Be2xh5 Bh7g6
28.Bh5xg6 fxg6
29.c4 c5
30.bxc5 bxc5
31.Bd4b2 Nd7b6
32.Bb2a3 Nb6xc4
33.Rd2xd8 Ra8xd8
34.Ba3xc5 Ke8
35.Rd1xd8 Kxd8
36.Bc5d4 Kd7
37.Kg2 Kc6
38.Kg3 Nc4d2
39.Kf4 Kd5
40.Bd4a7 Nd2c4
41.Ba7d4 Nc4d2
42.Kg4 Nd2f3
43.Bd4b2 Nf3xe5
44.Kf4 Ne5f7
45.Bb2f6 e5
46.Kg4 Ke6
47.Bf6g7 Kd5
48.Bg7f6 Kc4
49.Bf6e7 Kd3
50.Be7c5 Nf7d8
51.Bc5d6 Kxe3
52.Bd6xe5 Nd8c6
53.Be5f4 Kd3
54.Kg3 e3
55.Kg4 e2
56.Bf4g3 Nc6d4
57.Kf4 Kd2
58.Ke5 Nd4f5
59.Bg3f2 e1Q
60.Bf2xe1 Kxe1
61.Kf6 Nf5h4
62.Ke5 Kf2
63.Kf4 Nh4f5
64.Ke4 Kg3
65.Ke5 Kg4
66.Kf6 Nf5h4
67.Ke5 Kxg5
68.Ke6 Kf4
69.Kf6 g5
70.Ke6 g4
71.Kd5 g3
72.Kd4 g2
{ abandon }0-1

[Event "Tournoi n27392"]
[Site "www.echecsemail.com"]
[Date "2026.01.22"]
[Round "1"]
[White "Fouvolant"]
[Black "Tiounet"]
[WhiteElo "1420"]
[BlackElo "1610"]
[Result "0-1"]
1.e4 a6
2.d4 b5
3.Ng1f3 Bc8b7
4.Bf1d3 Ng8f6
5.e5 Nf6d5
6.c3 g6
7.O-O Bf8g7
8.Rf1e1 O-O
 { temps }0-1

[Event "Transval"]
[Site "www.echecsemail.com"]
[Date "2026.01.22"]
[Round "1"]
[White "Cramsnellac"]
[Black "Turbo"]
[WhiteElo "1700"]
[BlackElo "1400"]
[Result "0-1"]
1.Ng1f3 d5
2.e3 Ng8f6
3.d4 e6
4.c4 dxc4
5.Bf1xc4 b6
6.Bc4b5 c6
7.Bb5d3 b5
8.O-O h6
9.Nb1c3 Bf8d6
10.a3 O-O
11.e4 Bd6c7
12.e5 Nf6d7
13.Bd3c2 f6
14.Bc1f4 fxe5
15.Bf4xe5 Nd7xe5
16.dxe5 Qd8e7
 { temps }0-1

[Event "Tournoi n27370"]
[Site "www.echecsemail.com"]
[Date "2026.01.22"]
[Round "1"]
[White "Blackrider"]
[Black "Saruman"]
[WhiteElo "1730"]
[BlackElo "1690"]
[Result "1-0"]
1.e4 e5
2.g3 Ng8f6
3.d3 b6
4.Bf1g2 Bc8b7
5.Ng1f3 Bf8c5
6.h3 d6
7.O-O h6
8.Kh2  { temps }1-0

[Event "Transval"]
[Site "www.echecsemail.com"]
[Date "2026.01.22"]
[Round "1"]
[White "Cramsnellac"]
[Black "4x4"]
[WhiteElo "1700"]
[BlackElo "1460"]
[Result "0-1"]
1.Ng1f3 e6
2.e4 d6
3.d4 Nb8c6
4.Bf1b5 a6
5.Bb5xc6 bxc6
6.c3 Bc8b7
7.O-O c5
8.dxc5 d5
9.e5 Bf8xc5
10.Bc1f4 c6
11.Nb1d2 h6
12.Nd2b3 Bc5a7
13.Nb3d4 Ng8e7
14.h3 Ba7xd4
15.cxd4 g5
16.Bf4h2 Qd8c7
 { temps }0-1

[Event "Transval"]
[Site "www.echecsemail.com"]
[Date "2026.01.22"]
[Round "1"]
[White "Turbo"]
[Black "Cramsnellac"]
[WhiteElo "1400"]
[BlackElo "1700"]
[Result "1-0"]
1.e4 d6
2.Nb1c3 Ng8f6
3.d4 g6
4.Ng1f3 Bf8g7
5.Bf1c4 O-O
6.e5 dxe5
7.Nf3xe5 e6
8.O-O Nb8d7
9.Ne5f3 b6
10.h3 Bc8b7
11.Bc1e3 c5
12.dxc5 bxc5
13.Nc3a4 Qd8a5
14.b3 Bb7c6
15.Qd1d6 Bc6xa4
16.bxa4 Qa5xa4
17.Bc4b3  { temps }1-0

[Event "Transval"]
[Site "www.echecsemail.com"]
[Date "2026.01.22"]
[Round "1"]
[White "Cramsnellac"]
[Black "Woluwe1975"]
[WhiteElo "1700"]
[BlackElo "1630"]
[Result "0-1"]
1.Ng1f3 Ng8f6
2.d4 d5
3.e3 e6
4.c4 c5
5.cxd5 exd5
6.Bf1b5 Nb8c6
7.Bb5xc6 bxc6
8.Qd1a4 Bc8b7
9.Nf3e5 Qd8c7
10.Ne5f3 Bf8d6
11.Bc1d2 O-O
12.Nb1c3 Nf6e4
13.g3 c4
14.Qa4c2 f5
15.Rh1f1 Rf8f6
16.O-O-O a5
 { temps }0-1

[Event "Transval"]
[Site "www.echecsemail.com"]
[Date "2026.01.22"]
[Round "1"]
[White "Patau"]
[Black "Cramsnellac"]
[WhiteElo "1700"]
[BlackElo "1700"]
[Result "1-0"]
1.e4 d6
2.Ng1f3 Ng8f6
3.e5 dxe5
4.Nf3xe5 Nb8d7
5.d4 Nd7xe5
6.dxe5 Qd8xd1
7.Kxd1 Nf6g4
8.Bc1e3 Ng4xe5
9.Nb1c3 g6
10.Ke2 Ne5c4
11.Ra1d1 Nc4xb2
12.Rd1d4 Bf8g7
13.Ke1 Bg7xd4
14.Be3xd4 O-O
15.Bf1d3 Bc8e6
16.Kd2 Nb2c4
17.Bd3xc4  { temps }1-0

[Event "Défi( 10J+24H/c 10J Max )"]
[Site "www.echecsemail.com"]
[Date "2026.01.22"]
[Round "1"]
[White "Minon"]
[Black "Poison"]
[WhiteElo "1940"]
[BlackElo "1100"]
[Result "1-0"]
1.e4 e5
2.Ng1f3 d6
3.Bf1c4 Nb8c6
4.d3 Bc8g4
5.h3 Bg4xf3
6.Qd1xf3 Nc6b4
7.Qf3xf7 1-0

[Event "Eq:Avalon-au plaisir du jeux  :"]
[Site "www.echecsemail.com"]
[Date "2026.01.22"]
[Round "1"]
[White "Estrafolis"]
[Black "Di67"]
[WhiteElo "1610"]
[BlackElo "1390"]
[Result "1-0"]
1.d4 e5
2.e4 Bf8b4
3.Nb1c3 d6
4.Bc1d2 Nb8c6
5.Ng1f3 Bc8g4
6.Bd2e3 Qd8e7
7.d5 Nc6a5
8.a3 Bb4c5
9.Be3xc5 O-O-O
10.Bc5xa7 Na5c4
11.Bf1xc4 Ng8f6
12.b4 b6
13.a4 Kb7
14.Nc3b5 Nf6xe4
15.a5 f6
16.axb6 cxb6
17.O-O Rd8c8
18.Bc4d3 f5
19.Rf1e1 Ne4f6
20.Qd1d2 e4
21.Qd2e3 Nf6d7
22.Nf3d2 Qe7e5
23.Nd2c4 Qe5xd5
24.Nc4xd6 Kc6
25.Nd6xe4 Rh8e8
26.Ra1a6 Re8xe4
27.Bd3xe4 Qd5xe4
28.Ra6xb6 Kd5
29.Rb6d6 Ke5
30.f4 1-0

[Event "Transval"]
[Site "www.echecsemail.com"]
[Date "2026.01.22"]
[Round "1"]
[White "Legrillon"]
[Black "Cramsnellac"]
[WhiteElo "1700"]
[BlackElo "1700"]
[Result "1-0"]
1.e4 d6
2.d4 Ng8f6
3.Bf1d3 g6
4.Bc1g5 Nb8d7
5.Ng1f3 Bf8g7
6.Qd1d2 O-O
7.Bg5h6 c5
8.Bh6xg7 Kxg7
9.e5 dxe5
10.dxe5 Nf6g4
11.Qd2f4 Ng4h6
12.O-O e6
13.c4 Nh6f5
14.Bd3xf5 exf5
15.Nb1c3  { temps }1-0

[Event "Tetraktus 103"]
[Site "www.echecsemail.com"]
[Date "2026.01.22"]
[Round "1"]
[White "Karkaskat"]
[Black "Orosco"]
[WhiteElo "2060"]
[BlackElo "2200"]
[Result "1-0"]
1.e4 c5
2.Nb1c3 e6
3.g3 Nb8c6
4.Bf1g2 Ng8f6
5.d3 Bf8e7
6.f4 d5
7.e5 Nf6d7
8.Ng1f3 b5
9.O-O b4
10.Nc3e2 h5
11.h3 a5
12.g4 hxg4
13.hxg4 Bc8b7
14.Bc1d2 g5
15.Nf3xg5 Be7xg5
16.fxg5 Nd7xe5
17.Qd1e1 Ne5xg4
18.Qe1g3 Ng4e5
19.Rf1f6 Qd8d6
20.Bd2f4 Bb7a6
21.Ra1e1 b3
22.axb3 c4
23.bxc4 Qd6c5
24.Bf4e3 Qc5b4
25.cxd5 exd5
26.Be3d4 Kd7
27.Bd4xe5 Nc6xe5
28.Qg3xe5 Qb4xe1
29.Bg2f1 Rh8f8
30.Rf6d6 Kc7
31.Qe5e7 { abandon }1-0

[Event "Défi( 10J+24H/c 10J Max )"]
[Site "www.echecsemail.com"]
[Date "2026.01.22"]
[Round "1"]
[White "Mc2108"]
[Black "Mimi66"]
[WhiteElo "1330"]
[BlackElo "1380"]
[Result "1-0"]
1.e4 e5
2.Ng1f3 Ng8h6
3.Nf3xe5 d6
4.Ne5f3 Qd8f6
5.Bf1b5 c6
6.Bb5a4 b5
7.Ba4b3 Qf6g6
8.O-O Nh6g4
9.h3 Ng4e5
10.d4 Bc8xh3
11.Nf3h4 Bf8e7
12.Nh4xg6 hxg6
13.dxe5 dxe5
14.Nb1d2 Rh8h5
15.Qd1f3 Rh5g5
16.Qf3xh3 Rg5h5
17.Qh3c8 Be7d8
18.Nd2f3 a6
19.a4 Rh5h8
20.Nf3xe5 Ra8a7
21.Ne5xf7 Ra7xf7
22.Bb3xf7 Ke7
23.Bf7xg6 Nb8d7
24.Qc8xc6 Nd7e5
25.Qc6c5  { temps }1-0

[Event "Transval"]
[Site "www.echecsemail.com"]
[Date "2026.01.22"]
[Round "1"]
[White "Cramsnellac"]
[Black "Legrillon"]
[WhiteElo "1700"]
[BlackElo "1700"]
[Result "0-1"]
1.Ng1f3 d5
2.d4 h6
3.e3 Ng8f6
4.Bf1d3 Bc8g4
5.Nb1d2 e6
6.h3 Bg4xf3
7.Nd2xf3 Bf8d6
8.O-O O-O
9.c4 b6
10.cxd5 exd5
11.Qd1c2 c5
12.e4 dxe4
13.Bd3xe4 Nf6xe4
14.Qc2xe4 Nb8d7
 { temps }0-1

[Event "Défi( 10J+24H/c 10J Max )"]
[Site "www.echecsemail.com"]
[Date "2026.01.22"]
[Round "1"]
[White "Petain"]
[Black "Mimi66"]
[WhiteElo "1710"]
[BlackElo "1370"]
[Result "1-0"]
1.e4 e5
2.Ng1f3 Nb8c6
3.a3 Qd8f6
4.Bf1c4 Nc6a5
5.Bc4a2 Qf6g6
6.O-O d6
7.d3 Ng8f6
8.h3 Bc8xh3
9.Nf3h4 Qg6h5
10.Qd1xh5 Nf6xh5
11.gxh3 c5
12.Nb1c3 f6
13.Nc3d5 Ra8c8
14.Bc1d2  { temps }1-0

[Event "Tournoi échelle"]
[Site "www.echecsemail.com"]
[Date "2026.01.22"]
[Round "1"]
[White "Eldiablo90"]
[Black "Orosco"]
[WhiteElo "2790"]
[BlackElo "2200"]
[Result "1-0"]
1.e4 e5
2.Ng1f3 Nb8c6
3.d4 exd4
4.c3 dxc3
5.Bf1c4 cxb2
6.Bc1xb2 Ng8h6
7.O-O Nc6a5
8.Bc4d5 c6
9.Rf1e1 f6
10.Nb1c3 Bf8e7
11.e5 f5
12.Nf3d4 cxd5
13.Qd1h5 Nh6f7
14.Nc3xd5 Na5c4
15.Nd4xf5 g6
16.Qh5e2 gxf5
17.Qe2xc4 Rh8g8
18.Nd5f6 Kf8
19.Nf6xh7 Ke8
20.Nh7f6 Kf8
21.Nf6xg8 Kxg8
22.Qc4d4 Qd8b6
23.e6 Qb6xd4
24.exf7 Kxf7
25.Bb2xd4 b6
26.Re1e5 d6
27.Re5e3 f4
28.Re3f3 Be7g5
29.h4 Bg5h6
30.Rf3c3 Bc8e6
31.a4 Kg6
32.Ra1e1 Be6d5
33.f3 Bh6f8
34.Rc3c7 Bd5g8
35.Re1e4 Kf5
36.Kh2 Bg8d5
37.Re4e1 Bd5g8
38.Rc7d7 Bg8e6
39.Rd7h7 Kg6
40.Rh7h8 Be6f5
41.h5 Kf7
42.h6 Ra8c8
43.h7 Bf5c2
44.a5 bxa5
45.Re1c1 Kg6
46.g4 fxg3
47.Kxg3 Kf7
48.Rc1xc2 Rc8xc2
49.Rh8xf8 Kxf8
50.h8Q { abandon }1-0

[Event "Défi"]
[Site "www.echecsemail.com"]
[Date "2026.01.22"]
[Round "1"]
[White "Kerenor"]
[Black "Mimi66"]
[WhiteElo "1600"]
[BlackElo "1350"]
[Result "1-0"]
1.e4 e5
2.Ng1f3 Qd8f6
3.Nb1c3 Nb8c6
4.d3 Nc6d4
5.Bf1e2 d6
6.Bc1g5 Qf6g6
7.Qd1d2 h6
8.Bg5e3 Qg6xg2
9.O-O-O  { temps }1-0

[Event "Transval"]
[Site "www.echecsemail.com"]
[Date "2026.01.22"]
[Round "1"]
[White "Mindthegap"]
[Black "Cramsnellac"]
[WhiteElo "1420"]
[BlackElo "1700"]
[Result "1-0"]
1.Ng1f3 Ng8f6
2.d4 c6
3.Nb1c3 g6
4.Bc1d2 Bf8g7
5.Qd1c1 b5
6.h4 Qd8b6
7.a3 e5
8.Nf3xe5 d6
9.Ne5d3 Qb6xd4
10.Bd2e3 Qd4g4
11.f3 Qg4d7
12.g4 h6
13.Bf1h3 Qd7c7
14.Qc1d2  { temps }1-0

[Event "Tournoi n27404"]
[Site "www.echecsemail.com"]
[Date "2026.01.22"]
[Round "1"]
[White "Hermite"]
[Black "Panchoa"]
[WhiteElo "1530"]
[BlackElo "1630"]
[Result "1-0"]
1.e4 e5
2.Ng1f3 Nb8c6
3.d3 Ng8f6
4.Bf1e2 Bf8c5
5.O-O O-O
6.Nb1d2 d5
7.c3 Bc8g4
8.b4 Bc5d6
9.Nf3e1 Bg4xe2
10.Qd1xe2 d4
11.cxd4 Nc6xd4
12.Qe2e3 Bd6xb4
13.Nd2c4 Bb4xe1
14.Qe3h3 Nd4e2
15.Kh1 Ne2f4
16.Bc1xf4 exf4
17.Rf1xe1 Qd8xd3
18.Qh3xd3 { abandon }1-0

[Event "Défi( 10J+24H/c 10J Max )"]
[Site "www.echecsemail.com"]
[Date "2026.01.22"]
[Round "1"]
[White "Jeanluc88"]
[Black "Mick"]
[WhiteElo "2150"]
[BlackElo "1920"]
[Result "1-0"]
1.b3 d5
2.Bc1b2 Ng8f6
3.e3 Nb8c6
4.Bf1b5 Bc8d7
5.Ng1f3 a6
6.Bb5xc6 Bd7xc6
7.d3 e6
8.Nb1d2 Bf8d6
9.O-O b5
10.c4 b4
11.Ra1c1 Qd8d7
12.c5 Bd6e7
13.Nf3e5 Qd7c8
14.Ne5xc6 Qc8d7
15.Nc6xe7 Qd7xe7
16.c6 O-O
17.Nd2f3 h6
18.Nf3e5 Rf8d8
19.f4 h5
20.f5 Ra8b8
21.Qd1f3 Rb8b5
22.Qf3f4  { temps }1-0

[Event "Tournoi n27383"]
[Site "www.echecsemail.com"]
[Date "2026.01.22"]
[Round "1"]
[White "Domenico"]
[Black "Pgo"]
[WhiteElo "1710"]
[BlackElo "1730"]
[Result "1-0"]
1.e4 e5
2.Bf1c4 Bf8c5
3.Ng1f3 Nb8c6
4.O-O Ng8f6
5.d3 d6
6.Bc1e3 O-O
7.Nb1c3 h6
8.a3 a6
9.b4 Bc5a7
10.Nc3d5 Bc8g4
11.c3 b5
12.Bc4a2 a5
13.d4 Nf6xe4
14.dxe5 Nc6xe5
15.bxa5 c6
16.Nd5b6 Ba7xb6
17.Ba2b1 Bb6xe3
18.fxe3 Ra8xa5
19.Bb1xe4 d5
20.Be4d3 c5
21.Bd3e2 Bg4xf3
22.Be2xf3 Ne5xf3
23.Qd1xf3 f6
24.Qf3f5 Rf8e8
25.Rf1e1 Re8e5
26.Qf5g6 Re5g5
27.Qg6d3 c4
28.Qd3d4 Rg5e5
29.e4 Kf7
30.exd5 Re5xd5
31.Qd4g4 Ra5a6
32.h3 Rd5g5
33.Qg4e4 Rg5e5
34.Qe4b7 Kg6
35.Re1xe5 Qd8b6
36.Qb7xb6 Ra6xb6
37.Re5c5 h5
38.a4 bxa4
39.Ra1xa4 Rb6b1
40.Kh2 Rb1b3
41.Ra4xc4 { abandon }1-0

[Event "Défi( 10J+24H/c 10J Max )"]
[Site "www.echecsemail.com"]
[Date "2026.01.22"]
[Round "1"]
[White "Chomi64"]
[Black "Founet"]
[WhiteElo "1890"]
[BlackElo "1850"]
[Result "1-0"]
1.d4 d5
2.Ng1f3 Bc8f5
3.Nf3e5 f6
4.Ne5d3 e6
5.e3 Nb8d7
6.Nd3f4 c5
7.g4 Bf5g6
8.Nf4xg6 hxg6
9.Bf1d3 f5
10.Qd1f3 c4
11.Bd3e2 Ng8f6
12.Qf3f4 Nf6e4
13.Nb1c3 Bf8d6
14.Qf4f3 Qd8h4
15.Nc3xe4 fxe4
16.Qf3g2 Ke7
17.Bc1d2 Bd6f4
18.exf4  { temps }1-0

[Event "Défi( 10J+24H/c 10J Max )"]
[Site "www.echecsemail.com"]
[Date "2026.01.22"]
[Round "1"]
[White "Mimi66"]
[Black "Speedyfil"]
[WhiteElo "1360"]
[BlackElo "1450"]
[Result "0-1"]
1.e4 c6
2.Qd1f3 d5
3.c4 g6
4.a4 a5
5.cxd5 Bf8g7
6.Bf1c4 e6
7.dxe6 Bc8xe6
8.b3 Bg7xa1
9.Ng1h3 Ba1g7
10.Qf3f4 Be6xc4
11.bxc4 Ng8f6
12.Nh3g5 Qd8d3
13.Nb1c3 O-O
14.f3 Qd3xc4
15.Bc1a3 Rf8e8
16.Qf4c7 h6
17.d3 Qc4xc3
18.Kf2 Qc3d4
19.Ke2 Nf6d7
20.Qc7xb7 Nb8a6
21.Qb7b3 hxg5
22.h3 Ra8b8
23.Qb3c2 Na6b4
24.Qc2d2 c5
25.Ba3b2 Qd4xb2
26.Qd2xb2 Bg7xb2
27.h4 g4
28.fxg4 Nd7e5
29.h5 Ne5xg4
30.h6 Kh7
31.g3 Ng4e5
32.Kf2 Bb2d4
33.Kg2 Nb4xd3
 { temps }0-1

[Event "Tournoi n27388"]
[Site "www.echecsemail.com"]
[Date "2026.01.22"]
[Round "1"]
[White "Alain64"]
[Black "Orosco"]
[WhiteElo "2090"]
[BlackElo "2200"]
[Result "0-1"]
1.f4 e5
2.fxe5 d6
3.exd6 Bf8xd6
4.Ng1f3 g5
5.d4 g4
6.Nf3g5 f5
7.e4 h6
8.e5 Bd6e7
9.Ng5h3 gxh3
10.Qd1h5 Kf8
11.Bf1c4 Qd8e8
12.Qh5xh3 Nb8c6
13.c3 Qe8g6
14.O-O h5
15.Bc4d3 Ng8h6
16.Bc1xh6 Rh8xh6
17.Bd3xf5 Bc8xf5
18.Rf1xf5 Kg7
19.Nb1d2 Qg6g4
20.Qh3xg4 hxg4
21.Ra1f1 Ra8f8
22.Rf5xf8 Be7xf8
23.Nd2c4 Nc6e7
24.Nc4e3 g3
25.hxg3 Rh6a6
26.a3 Kg8
27.g4 Ra6b6
28.Rf1b1 Bf8h6
29.Ne3f5 Bh6g5
30.Kf2 Ne7d5
31.b4 Rb6c6
32.Rb1e1 Rc6xc3
33.e6 Nd5f6
34.e7 Kf7
35.d5 Rc3c1
36.Re1e2 Rc1d1
37.Re2c2 Nf6xd5
38.Ke2 Rd1c1
39.Rc2xc1 Bg5xc1
40.a4 Nd5xb4
41.Kf3 Nb4d5
{ abandon }0-1

[Event "Tournoi n27410"]
[Site "www.echecsemail.com"]
[Date "2026.01.22"]
[Round "1"]
[White "Vb83"]
[Black "Patau"]
[WhiteElo "1490"]
[BlackElo "1700"]
[Result "0-1"]
1.e4 e5
2.Ng1f3 Nb8c6
3.Bf1b5 a6
4.Bb5xc6 dxc6
5.Nf3xe5 Bf8d6
6.Ne5xf7 Kxf7
7.Qd1f3 Qd8f6
8.Qf3xf6 Ng8xf6
9.d3 Bc8e6
10.O-O Nf6d7
11.Nb1c3 Rh8f8
12.Rf1e1 Kg8
13.a3 Rf8f7
14.h3 Ra8f8
15.b4 Bd6e5
16.Ra1b1 Be5xc3
17.Re1e3 Be6a2
{ abandon }0-1

[Event "Tournoi n27347"]
[Site "www.echecsemail.com"]
[Date "2026.01.22"]
[Round "1"]
[White "Oranmore"]
[Black "Degun"]
[WhiteElo "1870"]
[BlackElo "1970"]
[Result "1-0"]
1.c4 e5
2.Nb1c3 Ng8f6
3.g3 Bf8c5
4.Bf1g2 Nf6g4
5.e3 d6
6.Ng1e2 O-O
7.O-O f5
8.d4 exd4
9.exd4 Bc5b6
10.h3 Ng4f6
11.Ne2f4 Nb8c6
12.Bc1e3 Qd8e8
13.a3 Nc6e7
14.Nc3a4 c6
15.Na4xb6 axb6
16.Qd1c2 Ne7g6
17.Rf1e1 Qe8f7
18.b3 Bc8d7
19.a4 Ra8e8
20.Re1e2 Nf6e4
21.Ra1e1 c5
22.d5 Ng6e5
23.Kh2 g5
24.Nf4d3 f4
25.Nd3xe5 dxe5
26.Qc2xe4 fxe3
27.Qe4xe3 Qf7g7
28.f3 Qg7g6
29.Qe3c3 e4
30.fxe4 h5
31.e5 Bd7f5
32.Bg2e4 Bf5xe4
33.Re2xe4 Rf8f2
34.Kg1 Re8f8
35.Re4e2 Qg6f5
36.Qc3d2 Rf2f1
37.Re1xf1 Qf5xf1
38.Kh2 Qf1f5
39.e6 h4
40.e7 hxg3
41.Kxg3 Rf8e8
42.d6 Kg7
43.d7 { abandon }1-0

[Event "Eq:Pirates du Mat-modesty :"]
[Site "www.echecsemail.com"]
[Date "2026.01.22"]
[Round "1"]
[White "Eltche"]
[Black "Breitenbach"]
[WhiteElo "2610"]
[BlackElo "2240"]
[Result "1/2-1/2"]
1.d4 Ng8f6
2.c4 c5
3.d5 b5
4.cxb5 a6
5.bxa6 Bc8xa6
6.Nb1c3 g6
7.f4 Bf8g7
8.Ng1f3 O-O
9.e4 Ba6xf1
10.Rh1xf1 d6
11.e5 Nf6d7
12.e6 fxe6
13.Nf3g5 Bg7xc3
14.bxc3 Qd8a5
15.Ng5xe6 Rf8f6
16.Rf1f3 Nd7b6
17.a4 Nb8d7
18.Ne6c7 Ra8c8
19.Nc7b5 c4
20.Kf1 Nd7c5
21.Nb5d4 Rf6f7
22.Nd4c6 Qa5a8
23.Bc1e3 Nb6xd5
24.Qd1xd5 Qa8xc6
25.Qd5xc4 Qc6e4
26.Qc4xe4 Nc5xe4
27.a5 Rc8a8
28.a6 Ne4c5
29.Be3xc5 dxc5
30.Rf3e3 Rf7xf4
31.Ke2 Rf4f7
32.a7 e6
33.Re3xe6 Rf7xa7
34.Ra1xa7 Ra8xa7
35.Re6c6 Ra7a2
36.Kf3 Ra2a5
37.h3 Kg7
38.g4 h6
39.h4 Kf7
40.Rc6c7 Kg8
41.Rc7c6 Kf7
42.Rc6c7 Kg8
43.Rc7c6 Kf7
1/2-1/2